Movie Pictures Starting with D - Statistics

General Stats
  • This quiz has been taken 112 times
    12 since last reset
  • The average score is 15 of 29
Answer Stats
Picture Answer % Correct
Despicable Me
100%
The Dark Knight
100%
Deadpool
91%
Dumbo
91%
Dune
91%
Death Note
82%
Die Hard
82%
Dead Poets Society
73%
Dirty Dancing
73%
Dr Dolittle
73%
Doctor Strange
64%
Descendants
55%
Dirty Harry
55%
Divergent
55%
Donnie Darko
55%
Dunkirk
55%
The Da Vinci Code
55%
Damsel
36%
Don't Worry Darling
36%
Dawn of the Dead
27%
Death Becomes Her
27%
Dodgeball: A True Underdog Story
27%
Death on the Nile
18%
The Dark Crystal
18%
The Darkest Minds
18%
Day Shift
9%
Due Date
9%
Deepwater Horizon
0%
Demolition Man
0%
No matching quizzes found
Score Distribution
Percent of People with Each Score
Percentile by Number Answered
Your Score History
You have not taken this quiz since the last reset